Practical insights on customer service an African perspective /

Bibliographic Details
Main Author: Chinunda, Emmanuel Danstan.
Corporate Author: ProQuest (Firm)
Format: Electronic eBook
Language:English
Published: London : Adonis & Abbey Publishers Ltd., 2011.
Edition:1st ed.
Subjects:
Online Access:Click to View
LEADER 01252nam a2200337 a 4500
001 EBC3111185
003 MiAaPQ
005 20200520144314.0
006 m o d |
007 cr cn|||||||||
008 120904s2011 enk sb 001 0 eng d
020 |z 9781906704858 
035 |a (MiAaPQ)EBC3111185 
035 |a (Au-PeEL)EBL3111185 
035 |a (CaPaEBR)ebr10594068 
035 |a (OCoLC)811259975 
040 |a MiAaPQ  |c MiAaPQ  |d MiAaPQ 
043 |a f------ 
050 4 |a HF5415.5  |b .C45 2011 
100 1 |a Chinunda, Emmanuel Danstan. 
245 1 0 |a Practical insights on customer service  |h [electronic resource] :  |b an African perspective /  |c Emmanuel Danstan Chinunda. 
250 |a 1st ed. 
260 |a London :  |b Adonis & Abbey Publishers Ltd.,  |c 2011. 
300 |a 134 p. 
504 |a Includes bibliographical references and index. 
533 |a Electronic reproduction. Ann Arbor, MI : ProQuest, 2015. Available via World Wide Web. Access may be limited to ProQuest affiliated libraries. 
650 0 |a Customer services  |z Africa. 
650 0 |a Business enterprises  |z Africa. 
655 4 |a Electronic books. 
710 2 |a ProQuest (Firm) 
856 4 0 |u https://ebookcentral.proquest.com/lib/matrademy/detail.action?docID=3111185  |z Click to View